书目信息 |
| 题名: |
爱在燃烧
|
|
| 作者: | 黄葵 著 | |
| 分册: | ||
| 出版信息: | 苏州 苏州大学出版社 2008.07 |
|
| 页数: | 80页, [6] 页图版 | |
| 开本: | 21cm | |
| 丛书名: | ||
| 单 册: | ||
| 中图分类: | I227 | |
| 科图分类: | ||
| 主题词: | 诗歌--shi ge--中国--当代--作品集 , 地震灾害--di zhen zai hai--概况--四川省--2008 , 抗震救灾--kang zhen jiu zai--英雄模范世纪--中国--2008 | |
| 电子资源: | ||
| ISBN: | 978-7-81137-129-1 | |
| 000 | 00947nam0 2200265 450 | |
| 001 | 012009369156 | |
| 005 | 20090621093348.32 | |
| 010 | @a978-7-81137-129-1@dCNY20.00 | |
| 100 | @a20090621d2008 em y0chiy0120 ea | |
| 101 | 0 | @achi |
| 102 | @aCN@b320000 | |
| 105 | @aacfhz 000yy | |
| 106 | @ar | |
| 200 | 1 | @a爱在燃烧@Aai zai ran shao@e汶川诗草@f黄葵@Fhuang kui |
| 210 | @a苏州@c苏州大学出版社@d2008.07 | |
| 215 | @a80页, [6] 页图版@c图, 肖像, 摹真@d21cm | |
| 330 | @a本书所收集的诗歌有:《汶川的摇撼》、《在都江堰》、《今夜不眠》、《生命通道》、《一只书包》、《伸出你的手》、《孩子,别哭》等。 | |
| 517 | 1 | @a汶川诗草@Awen chuan shi cao |
| 606 | 0 | @a诗歌@Ashi ge@y中国@z当代@j作品集 |
| 606 | 0 | @a地震灾害@Adi zhen zai hai@x概况@y四川省@z2008 |
| 606 | 0 | @a抗震救灾@Akang zhen jiu zai@x英雄模范世纪@y中国@z2008 |
| 690 | @aI227@v4 | |
| 701 | 0 | @a黄葵@Ahuang kui@4著 |
| 801 | 0 | @aCN@bQSSK@c20090621 |
| 905 | @b745154-56@dI227@eH853@f3 | |
| 爱在燃烧:汶川诗草/黄葵.-苏州:苏州大学出版社,2008.07 |
| 80页, [6] 页图版:图, 肖像, 摹真;21cm |
| ISBN 978-7-81137-129-1:CNY20.00 |
| 本书所收集的诗歌有:《汶川的摇撼》、《在都江堰》、《今夜不眠》、《生命通道》、《一只书包》、《伸出你的手》、《孩子,别哭》等。 |
| ● |
| 相关链接 |
|
|
|
正题名:爱在燃烧
索取号:I227/H853
 
预约/预借
| 序号 | 登录号 | 条形码 | 馆藏地/架位号 | 状态 | 备注 |
| 1 | 745154 | 207451540 | 文学库108/400B社科库 24排3列5层/ [索取号:I227/H853] | 在馆 | |
| 2 | 745155 | 207451559 | 文学库108/108文学库 18排5列4层/ [索取号:I227/H853] | 在馆 | |
| 3 | 745156 | 207451568 | 文学库108/108文学库 18排5列5层/ [索取号:I227/H853] | 在馆 |